Encyclopaedia of Modern Political Administration (Record no. 15959)

000 -LEADER
fixed length control field 00352nam a22001457a 4500
003 - CONTROL NUMBER IDENTIFIER
control field OSt
020 ## - INTERNATIONAL STANDARD BOOK NUMBER
International Standard Book Number 9789350840405
040 ## - CATALOGING SOURCE
Original cataloging agency 1
082 ## - DEWEY DECIMAL CLASSIFICATION NUMBER
Classification number 351
Author Mark SIN
100 ## - MAIN ENTRY--PERSONAL NAME
Personal name Singh, Purnima
245 ## - TITLE STATEMENT
Title Encyclopaedia of Modern Political Administration
Statement of responsibility, etc. Purnima Singh
260 ## - PUBLICATION, DISTRIBUTION, ETC.
Place of publication, distribution, etc. New Delhi
Name of publisher, distributor, etc. Centrum Press
Date of publication, distribution, etc. 2013
300 ## - PHYSICAL DESCRIPTION
Extent 304p:
Other physical details 24cm
942 ## - ADDED ENTRY ELEMENTS (KOHA)
Source of classification or shelving scheme
Koha item type Book
Holdings
Withdrawn status Lost status Damaged status Not for loan Collection code Permanent Location Current Location Shelving location Date acquired Total Checkouts Full call number Barcode Date last seen Price effective from Koha item type
          Centre for International Peace & Stability (CIPS) Centre for International Peace & Stability (CIPS) General Stacks 08/02/2013   351 SIN 2013 CIPS0000236 12/18/2013 12/18/2013 Book
© 2023 Central Library, National University of Sciences and Technology. All Rights Reserved.